000 00559nam a2200193Ia 4500
999 _c10526
_d10526
003 OSt
005 20191224100910.0
008 190216s9999||||xx |||||||||||||| ||und||
020 _a9780071180658
040 _coclc
082 _a339
_bSAM/M
100 _aSamuelson, Paul A
_9709
245 0 _aMacroeconomics /
_cPaul A Samuelson ; William D Nordhaus
250 _a17th ed.
260 _bMcgraw-Hill International Edition,
_c2001.
_aNew York:
300 _a452p
650 _aEconomics
942 _cBK
_2ddc
_h339
_iSAM/M
_k339
_mSAM/M